Algo divertido para contar y volver a contar : (Record no. 125356)

MARC details
000 -CABECERA
campo de control de longitud fija 00793nam a2200217 u 4500
005 - FECHA Y HORA DE LA ÚLTIMA TRANSACCIÓN
campo de control 20240228063736.0
008 - ELEMENTOS DE LONGITUD FIJA--INFORMACIÓN GENERAL
campo de control de longitud fija 071029s2004 mx r 000 0 spa d
020 ## - NÚMERO INTERNACIONAL NORMALIZADO PARA LIBROS
Número Internacional Estándar del Libro 9682469988
035 ## - NÚMERO DE CONTROL DEL SISTEMA
Número de control de sistema UPN01000153235
049 ## - COLECCIÓN
Colección CG
050 #4 - SIGNATURA TOPOGRÁFICA DE LA BIBLIOTECA DEL CONGRESO
Número de clasificación LB1186
Número de documento/Ítem G6.3
100 1# - ASIENTO PRINCIPAL--NOMBRE PERSONAL
Nombre de persona Gordillo Isaacs, Beatriz
9 (RLIN) 35643
245 10 - MENCIÓN DE TÍTULO
Título Algo divertido para contar y volver a contar :
Resto del título guía para educadoras /
Mención de responsabilidad, etc. Beatriz Gordillo Isaacs, María Araceli Velasco.
260 ## - PUBLICACIÓN, DISTRIBUCIÓN, ETC.
Lugar de publicación, distribución, etc. México :
Nombre del editor, distribuidor, etc. Trillas,
Fecha de publicación, distribución, etc. 2004.
300 ## - DESCRIPCIÓN FÍSICA
Extensión 96 p. :
Otras características físicas il. col.
650 #4 - ASIENTO SECUNDARIO DE MATERIA - TERMINO TEMATICO
Término de materia o nombre geográfico como elemento de entrada Número (Concepto matemático)
Subdivisión general Estudio y enseñanza (Preescolar)
9 (RLIN) 9083
650 #4 - ASIENTO SECUNDARIO DE MATERIA - TERMINO TEMATICO
Término de materia o nombre geográfico como elemento de entrada Rimas infantiles
9 (RLIN) 10247
700 1# - ASIENTO SECUNDARIO--NOMBRE DE PERSONAL
Nombre de persona Velasco, María Araceli,
Término indicativo de función/relación coaut.
740 0# - ASIENTO SECUNDARIO - TÍTULOS RELACIONADOS /ANALITICOS NO CONTROLADOS
Título relacionado o analítico no controlado Para enseñar a contar algo divertido : guía para mejores educadoras
905 ## - TIPO DE MATERIAL
Tipo de material Libro
Holdings
Estado de retiro Estado de pérdida Fuente del sistema de clasificación o colocación Estado dañado No para préstamo Código de colección Localización permanente Ubicación/localización actual Ubicación en estantería Total de préstamos Clasificación Código de barras Fecha visto por última vez Número de copia Tipo de ítem Koha
    Library of Congress Classification     Colección General Bib. Gregorio Torres Quintero Bib. Gregorio Torres Quintero Planta baja 14 LB1186 G6.3 255521 31/12/2020 1 Libro
    Library of Congress Classification     Colección General Bib. Gregorio Torres Quintero Bib. Gregorio Torres Quintero Planta baja 7 LB1186 G6.3 255519 31/12/2020 1 Libro
    Library of Congress Classification     Colección General Bib. Gregorio Torres Quintero Bib. Gregorio Torres Quintero Planta baja 7 LB1186 G6.3 255520 31/12/2020 1 Libro